[Event "AUTO-OPEN-1630"]
[Site "http://www.queenalice.com/game.php?id=622704"]
[Date "2009.7.21"]
[Round "1"]
[White "rcalheiros"]
[Black "rodracena"]
[Result "0-1"]
[WhiteElo "1610"]
[BlackElo "1967"]

1. e4 c5 2. Qh5 Nf6 3. Qxc5 Nxe4 4. Qf5 d5 5. Bb5+ Nc6 6. Qf3 Qb6 7. Bxc6+ bxc6
8. d3 Bg4 9. Qe3 Qxe3+ 10. Bxe3 Nd6 11. h3 Bd7 12. Nf3 e6 13. O-O Be7 14. Bc5
O-O 15. Re1 Rfb8 16. b3 a5 17. Nc3 Nf5 18. Bxe7 Nxe7 19. Ne5 Be8 20. Na4 f6 21.
Ng4 Bf7 0-1

[Event "AUTO-OPEN-1630"]
[Site "http://www.queenalice.com/game.php?id=622705"]
[Date "2009.7.21"]
[Round "1"]
[White "rodracena"]
[Black "rcalheiros"]
[Result "1-0"]
[WhiteElo "2045"]
[BlackElo "1679"]

1. e4 e6 2. d4 c5 3. dxc5 Bxc5 4. Nf3 Nf6 5. Bd3 O-O 6. h3 Nc6 7. O-O d5 8. exd5
Nxd5 9. c3 f5 10. Bg5 Qe8 11. c4 Nc7 12. Bf4 e5 13. Bd2 e4 14. Re1 Be6 15. Ng5
h6 16. Nxe6 Nxe6 17. Be2 Ned4 18. a3 Nxe2+ 19. Qxe2 Nd4 20. Qd1 1-0

[Event "AUTO-INT-1386"]
[Site "http://www.queenalice.com/game.php?id=622774"]
[Date "2009.7.22"]
[Round "1"]
[White "REDWOLF"]
[Black "rcalheiros"]
[Result "1-0"]
[WhiteElo "1767"]
[BlackElo "1608"]

1. e4 e5 2. d4 Qh4 3. Nf3 Qxe4+ 4. Be2 Bb4+ 5. c3 Bd6 6. O-O f6 7. Nfd2 Qf4 8.
Nc4 Qh4 9. Nxd6+ cxd6 10. g3 Qe4 11. Bd3 Qc6 12. d5 Qc7 13. Qh5+ g6 14. Bxg6+
hxg6 15. Qxh8 Kf8 16. Bh6+ Kf7 17. Qg7+ Ke8 18. Qf8# 1-0

[Event "AUTO-INT-1386"]
[Site "http://www.queenalice.com/game.php?id=622775"]
[Date "2009.7.22"]
[Round "1"]
[White "rcalheiros"]
[Black "REDWOLF"]
[Result "1-0"]
[WhiteElo "1666"]
[BlackElo "1637"]

1. e4 c5 2. Bc4 e5 3. Qf3 Nf6 4. Qf5 Bd6 5. Nf3 g6 6. Qh3 O-O 7. Ng5 Be7 8. Nc3
d5 9. exd5 Bxh3 10. Nxh3 Ng4 11. O-O Qc7 12. f3 Nf6 13. d3 a6 14. Bg5 b5 15.
Bxf6 Bxf6 16. Ne4 Nd7 17. d6 Qd8 18. Bd5 Nb6 19. Bxa8 Qxa8 20. Nxf6+ Kg7 21. Ne4
f5 22. Neg5 Rd8 23. Ne6+ Kf6 24. Nxd8 Qxd8 25. g4 Qxd6 26. gxf5 gxf5 27. f4 Nd5
28. fxe5+ Qxe5 29. Rae1 Qxb2 30. Re2 Nc3 31. Ref2 Nd5 32. Rxf5+ Ke6 33. Ng5+ Kd7
34. Rxd5+ Kc6 35. Rdf5 b4 36. Rf6+ Kb5 37. a4+ Ka5 38. Rc6 Qc3 39. Rff6 Qd4+ 40.
Kf1 Qa1+ 41. Kg2 b3 42. Rxa6+ Kb4 43. Rf4+ Kc3 44. Rc4+ Kb2 45. Rb6 Kc1 46. Rxb3
Kd2 47. Nf3+ Ke2 48. Re4+ 1-0

[Event "AUTO-INT-1386"]
[Site "http://www.queenalice.com/game.php?id=622788"]
[Date "2009.7.22"]
[Round "1"]
[White "vultomistico"]
[Black "rcalheiros"]
[Result "0-1"]
[WhiteElo "1529"]
[BlackElo "1608"]

1. e4 e5 2. Nf3 Nc6 3. Bc4 Qh4 4. d3 Qe7 5. Ng5 Nh6 6. f4 f6 7. Nf3 Qd6 8. f5
Nd4 9. O-O Ng4 10. Nxd4 Qxd4+ 11. Kh1 Bc5 12. Qxg4 d6 13. Qxg7 Rf8 14. Bh6 d5
15. Bxd5 Qxb2 16. Qxc7 Bb6 17. Qc3 Qb5 18. Bxf8 Kxf8 19. Na3 Qe8 0-1

[Event "AUTO-INT-1386"]
[Site "http://www.queenalice.com/game.php?id=622789"]
[Date "2009.7.22"]
[Round "1"]
[White "rcalheiros"]
[Black "vultomistico"]
[Result "1-0"]
[WhiteElo "1621"]
[BlackElo "1516"]

1. e4 e5 2. Qh5 Nc6 3. Nf3 Qf6 4. d3 g6 5. Qh3 d5 6. Bg5 Bxh3 7. Bxf6 Nxf6 8.
gxh3 O-O-O 9. h4 h6 10. Bh3+ Kb8 11. O-O Rg8 12. Nfd2 g5 13. hxg5 Rxg5+ 14. Bg2
d4 15. Nf3 Rg8 16. a3 Nh5 17. c3 Nf4 18. c4 Nxg2 19. Rc1 Ne1+ 20. Kf1 1-0

[Event "AUTO-INT-1386"]
[Site "http://www.queenalice.com/game.php?id=622796"]
[Date "2009.7.22"]
[Round "1"]
[White "aureliano"]
[Black "rcalheiros"]
[Result "0-1"]
[WhiteElo "1531"]
[BlackElo "1591"]

1. e4 e5 2. Nf3 Nc6 3. b3 Nf6 4. Bb2 Nxe4 5. Bxe5 Ng5 6. d4 d6 7. Bf4 Bg4 8. h3
Bxf3 9. gxf3 Qf6 10. c3 Qxf4 11. Nd2 O-O-O 12. Qc2 Nxf3+ 13. Nxf3 Qxf3 14. Rg1
Re8+ 15. Be2 Re7 16. O-O-O Rxe2 17. Rd3 Qxf2 18. Qd1 Rxa2 19. Rd2 Rxd2 20. Qxd2
Qxg1+ 21. Kc2 Qg6+ 22. Kb2 Qe6 23. c4 d5 24. c5 Qf6 25. Qd1 Nxd4 26. Ka3 Bxc5+
27. Ka2 Qa6+ 28. Kb2 Qa3+ 29. Kc3 Nb5+ 30. Kd3 Re8 31. Qg4+ Re6 32. Qxg7 Qxb3+
33. Kd2 Bb4+ 34. Kc1 Re1# 0-1

[Event "AUTO-INT-1386"]
[Site "http://www.queenalice.com/game.php?id=622797"]
[Date "2009.7.22"]
[Round "1"]
[White "rcalheiros"]
[Black "aureliano"]
[Result "1-0"]
[WhiteElo "1570"]
[BlackElo "1556"]

1. e4 e5 2. Nf3 d6 3. Nc3 Be6 4. d4 h6 5. dxe5 Nc6 6. Bb5 Ne7 7. b3 a6 8. Bxc6+
bxc6 9. Ba3 c5 10. O-O Ng6 11. exd6 cxd6 12. Qd2 Be7 13. Nd5 O-O 14. Nxe7+ Qxe7
15. Bb2 a5 16. c4 a4 17. Qc3 f6 18. bxa4 Rxa4 19. Qb3 Raa8 20. a4 Qf7 21. Nd2 f5
22. Rfc1 Nf4 23. Kf1 Qg6 24. g3 Nh3 25. a5 Qg4 26. a6 Ng5 27. Qb7 Nf7 28. Rc3
Qh3+ 29. Ke1 Qxh2 30. Rb3 Qh1+ 31. Ke2 Qh5+ 32. f3 Qh2+ 33. Kd1 Qg1+ 34. Kc2 Qf2
35. g4 fxg4 36. fxg4 Bxg4 37. Rf1 Qe2 38. Rg3 Ne5 39. Rxf8+ Rxf8 40. a7 Qd1+ 41.
Kc3 Rf3+ 42. Rxf3 Bxf3 43. a8=Q+ Kh7 44. Qd5 Ng6 45. Qag8# 1-0

[Event "AUTO-OPEN-1649"]
[Site "http://www.queenalice.com/game.php?id=631935"]
[Date "2009.8.7"]
[Round "1"]
[White "rcalheiros"]
[Black "plutochess"]
[Result "0-1"]
[WhiteElo "1666"]
[BlackElo "1939"]

1. e4 c6 2. c3 d5 3. d3 dxe4 4. dxe4 Nf6 5. Qxd8+ Kxd8 6. Be3 Nxe4 7. Nd2 Nf6 8.
O-O-O Na6 9. Ngf3 Bd7 10. Bg5 Kc7 11. Nc4 Rd8 12. Nfe5 Nd5 13. Nxf7 h6 0-1

[Event "AUTO-OPEN-1649"]
[Site "http://www.queenalice.com/game.php?id=631936"]
[Date "2009.8.7"]
[Round "1"]
[White "plutochess"]
[Black "rcalheiros"]
[Result "1-0"]
[WhiteElo "1934"]
[BlackElo "1671"]

1. d4 d5 2. Nf3 f6 3. e3 Bg4 4. Nbd2 e5 5. h3 Bxf3 6. Nxf3 Bd6 7. Bb5+ Nd7 8.
dxe5 fxe5 9. Bxd7+ Qxd7 10. O-O h6 11. Qxd5 Nf6 12. Qxb7 Qd8 13. Rd1 Rb8 14.
Qxa7 1-0

[Event "AUTO-OPEN-1649"]
[Site "http://www.queenalice.com/game.php?id=631937"]
[Date "2009.8.7"]
[Round "1"]
[White "rcalheiros"]
[Black "Meckerkopp"]
[Result "0-1"]
[WhiteElo "1674"]
[BlackElo "2002"]

1. e4 e5 2. Nf3 Nc6 3. d3 b6 4. Nc3 h6 5. d4 Qf6 6. Nd5 Qd6 7. dxe5 Nxe5 8. Nxe5
Qxe5 9. Bd3 g5 10. f4 Qd6 11. fxg5 hxg5 12. Bxg5 Bh6 13. Qg4 c6 14. Nc3 Qe5 15.
Bxh6 Nxh6 16. Qf3 b5 17. a3 a5 18. O-O d6 19. Rab1 Be6 20. b3 Qxc3 21. a4 O-O-O
22. axb5 cxb5 23. Bxb5 Qc5+ 24. Rf2 Qxb5 25. c4 Bxc4 26. Rd2 Qb6+ 27. Rf2 Be6
28. Kf1 Ng4 29. Rc1+ Kd7 30. Qg3 Nxf2 31. Qxf2 Qxf2+ 0-1

[Event "AUTO-OPEN-1649"]
[Site "http://www.queenalice.com/game.php?id=631938"]
[Date "2009.8.7"]
[Round "1"]
[White "Meckerkopp"]
[Black "rcalheiros"]
[Result "1-0"]
[WhiteElo "1999"]
[BlackElo "1677"]

1. e4 e6 2. d4 f6 3. Nc3 Bb4 4. Bd2 Bxc3 5. Bxc3 Ne7 6. Nf3 O-O 7. Bc4 d5 8.
exd5 exd5 9. Bd3 Bg4 10. h3 Bh5 11. g4 Bg6 12. Bb4 Bxd3 13. Qxd3 Nbc6 14. Ba3
Na5 15. b3 Re8 16. O-O-O g5 17. h4 gxh4 18. Rxh4 Ng6 19. Rh6 Re4 20. Rdh1 Rxg4
21. Rxh7 Nf8 22. Rh8+ Kf7 23. Rxf8+ Qxf8 24. Bxf8 Kxf8 25. Rh8+ Rg8 26. Rxg8+
Kxg8 27. Qg6+ Kf8 28. Qxf6+ Kg8 29. Qe6+ Kg7 30. Qxd5 Rf8 31. Qxa5 Rxf3 32.
Qxc7+ 1-0

[Event "AUTO-OPEN-1649"]
[Site "http://www.queenalice.com/game.php?id=631939"]
[Date "2009.8.7"]
[Round "1"]
[White "rcalheiros"]
[Black "degrau"]
[Result "0-1"]
[WhiteElo "1633"]
[BlackElo "1879"]

1. e4 d5 2. e5 d4 3. Nf3 Bf5 4. d3 f6 5. exf6 exf6 6. Bf4 c5 7. h3 Bd6 8. Bxd6
Qxd6 9. g4 Qe7+ 10. Be2 Bg6 11. O-O Nd7 12. c3 Qd6 13. Nh4 Ne7 14. Bf3 dxc3 15.
bxc3 Rb8 16. Re1 Qxd3 17. Nxg6 Qxd1 18. Rxd1 Nxg6 19. Re1+ Nde5 20. Nd2 O-O 21.
Bd5+ Kh8 22. Re3 Rbd8 23. c4 Nxc4 24. Bxc4 Rxd2 25. Rae1 Ne5 26. g5 Nxc4 27. Re8
Kg8 28. f4 fxg5 29. fxg5 Rxe8 30. Rxe8+ Kf7 31. Re1 Rxa2 32. Rf1+ Kg6 33. h4 Ra3
34. h5+ Kxh5 35. Rf5 Rg3+ 36. Kh2 Rxg5 37. Rf4 Ne3 0-1

[Event "AUTO-OPEN-1649"]
[Site "http://www.queenalice.com/game.php?id=631940"]
[Date "2009.8.7"]
[Round "1"]
[White "degrau"]
[Black "rcalheiros"]
[Result "1-0"]
[WhiteElo "1885"]
[BlackElo "1627"]

1. d4 e6 2. Bf4 f5 3. e3 Nf6 4. a3 Ne4 5. Bd3 Qh4 6. Bxe4 fxe4 7. Bxc7 Be7 8.
Bg3 Qh6 9. Qg4 O-O 10. Qxe4 Nc6 11. Nf3 d5 12. Qd3 Bd7 13. Ne5 Nxe5 14. Bxe5 Bh4
15. g3 Bf6 16. Bf4 Bg5 17. Bxg5 Qxg5 18. h4 Qg4 19. Qe2 Qe4 20. Rh2 a6 21. Nc3
Qf5 22. Qd3 Qf3 23. Qe2 Qf5 24. g4 Qf7 25. f4 Rac8 26. g5 Qf5 27. Qd3 Qg4 28.
Qe2 Qg1+ 29. Qf1 Qxh2 30. Qf2 Qh3 31. O-O-O Qf5 32. h5 Bb5 33. g6 hxg6 34. hxg6
Qxg6 35. Rg1 Qh7 36. Qf3 Rf7 37. Rh1 1-0

[Event "AUTO-INT-1405"]
[Site "http://www.queenalice.com/game.php?id=632155"]
[Date "2009.8.7"]
[Round "1"]
[White "kanibal"]
[Black "rcalheiros"]
[Result "1-0"]
[WhiteElo "1616"]
[BlackElo "1642"]

1. e4 e5 2. Nf3 Nf6 3. d3 d6 4. Bg5 Be7 5. Bxf6 Bxf6 6. h3 O-O 7. Be2 d5 8. O-O
d4 9. c3 dxc3 10. Nxc3 Nc6 11. Nd5 Nd4 12. Nxd4 exd4 13. Bg4 Be6 14. Bxe6 fxe6
15. Nf4 Qd6 16. Qg4 e5 17. Nh5 g6 18. f4 b5 19. f5 Kh8 20. fxg6 Rg8 21. Rxf6 1-0

[Event "AUTO-INT-1405"]
[Site "http://www.queenalice.com/game.php?id=632156"]
[Date "2009.8.7"]
[Round "1"]
[White "rcalheiros"]
[Black "kanibal"]
[Result "0-1"]
[WhiteElo "1661"]
[BlackElo "1597"]

1. e4 d5 2. e5 d4 3. Bd3 f6 4. exf6 Nxf6 5. Nf3 Bg4 6. O-O Bxf3 7. Qxf3 c6 8. c3
e5 9. Re1 Bd6 10. cxd4 O-O 11. dxe5 Nd5 12. Qh3 Nf4 13. Qxh7+ Kf7 14. Bc4+ Ne6
15. Qh5+ Ke7 16. exd6+ Kxd6 17. Rxe6+ Kc7 18. d3 Nd7 19. g3 a6 20. Bf4+ Kc8 21.
Bd6 Rf6 0-1

[Event "AUTO-INT-1405"]
[Site "http://www.queenalice.com/game.php?id=632169"]
[Date "2009.8.7"]
[Round "1"]
[White "boydelta"]
[Black "rcalheiros"]
[Result "1-0"]
[WhiteElo "2002"]
[BlackElo "1681"]

1. e4 e6 2. d4 Nf6 3. Bd3 Bb4+ 4. c3 Be7 5. Ne2 O-O 6. O-O d6 7. f4 d5 8. Ng3
dxe4 9. Nxe4 Nxe4 10. Bxe4 f5 11. Bf3 h6 12. Qb3 c5 13. Be3 b6 14. Bxa8 Ba6 15.
Qxe6+ Rf7 16. Bd5 Qf8 17. c4 Bc8 18. Qg6 Bf6 19. Bf2 Qe7 20. Re1 Qc7 21. Re8#
1-0

[Event "AUTO-INT-1405"]
[Site "http://www.queenalice.com/game.php?id=632170"]
[Date "2009.8.7"]
[Round "1"]
[White "rcalheiros"]
[Black "boydelta"]
[Result "0-1"]
[WhiteElo "1691"]
[BlackElo "2169"]

1. e4 Nc6 2. Bc4 e6 3. Nf3 d6 4. Bb5 Bd7 5. d4 a6 6. Bxc6 Bxc6 7. d5 Bd7 8. dxe6
Bxe6 9. O-O Nf6 10. Nc3 Be7 11. Nd5 Nxd5 12. Qd4 Nf6 13. Ng5 Qc8 14. e5 dxe5 15.
Qxe5 Bd6 16. Qe3 O-O 17. Ne4 Bxh2+ 18. Kh1 Ng4 19. Qf3 Be5 20. Ng5 Bf5 21. Bf4
h6 22. Bxe5 Nxe5 23. Qc3 hxg5 24. Qxe5 f6 25. Qd5+ Be6 26. Qd2 Kf7 27. Kg1 Rd8
28. Qc3 g4 29. f4 Rd6 30. f5 Bxf5 31. Rf4 b5 32. Raf1 g6 33. Rd4 Qd7 34. Rxd6
Qxd6 35. Re1 Rh8 36. Qe3 Bxc2 37. Qc3 Bd3 38. Rd1 Qb6+ 39. Qc5 Qxc5# 0-1

[Event "AUTO-INT-1405"]
[Site "http://www.queenalice.com/game.php?id=632180"]
[Date "2009.8.7"]
[Round "1"]
[White "paulouk"]
[Black "rcalheiros"]
[Result "0-1"]
[WhiteElo "1443"]
[BlackElo "1678"]

1. e4 e6 2. d4 Nf6 3. e5 Nd5 4. c4 Bb4+ 5. Bd2 Bxd2+ 6. Qxd2 Ne7 7. Nf3 O-O 8.
Bd3 d6 9. Ng5 dxe5 10. Bxh7+ Kh8 0-1

[Event "Challenge"]
[Site "http://www.queenalice.com/game.php?id=643469"]
[Date "2009.8.28"]
[Round "-"]
[White "rcalheiros"]
[Black "Leof"]
[Result "0-1"]
[WhiteElo "1625"]
[BlackElo "1659"]

1. e4 e5 2. Qh5 d6 3. Bc4 g6 4. Qf3 Nh6 5. d3 Bg4 6. Qe3 Nc6 7. h3 Nd4 8. Na3 d5
9. exd5 Bxa3 10. Qxe5+ Qe7 11. Qxe7+ Bxe7 12. Bb3 Bd7 13. Bxh6 a5 14. Ne2 c5 15.
Nxd4 cxd4 16. O-O Rc8 17. Rae1 Kd8 18. d6 Bxd6 19. Bg5+ Kc7 20. Bxf7 h6 21. Bd2
g5 22. Bxa5+ b6 23. Bd2 Rcf8 24. Be6 Rf6 25. Bxd7 Kxd7 26. c3 Bc5 27. b4 Bd6 28.
a4 Rg8 29. a5 g4 30. h4 Rf5 31. cxd4 Rh5 32. g3 Bc7 33. Re4 bxa5 34. b5 Rxb5 35.
Rfe1 Bd6 36. Bxh6 Bb4 37. Rb1 a4 38. d5 Rgb8 39. Bg7 Bd6 40. Rxb5 Rxb5 0-1